| 000 -LEADER |
| fixed length control field |
00682nam a22001937a 4500 |
| 005 - DATE AND TIME OF LATEST TRANSACTION |
| control field |
20260107084107.0 |
| 008 - FIXED-LENGTH DATA ELEMENTS--GENERAL INFORMATION |
| fixed length control field |
260107b ||||| |||| 00| 0 eng d |
| 020 ## - INTERNATIONAL STANDARD BOOK NUMBER |
| International Standard Book Number |
9780702322716 |
| 040 ## - CATALOGING SOURCE |
| Transcribing agency |
KH8 |
| 082 ## - DEWEY DECIMAL CLASSIFICATION NUMBER |
| Classification number |
823.92 CAR |
| 100 ## - MAIN ENTRY--PERSONAL NAME |
| Personal name |
CARR,MATT |
| Relator term |
AUTHOR |
| 245 ## - TITLE STATEMENT |
| Title |
SPYDER |
| 260 ## - PUBLICATION, DISTRIBUTION, ETC. |
| Place of publication, distribution, etc. |
1 London Bridge,London SE1 9BA |
| Name of publisher, distributor, etc. |
Scholastic |
| Date of publication, distribution, etc. |
2022 |
| 300 ## - PHYSICAL DESCRIPTION |
| Extent |
pages |
| Other physical details |
Colour illustration |
| Dimensions |
26cm x 26cm |
| 520 ## - SUMMARY, ETC. |
| Summary, etc. |
Being a secret agent is a tough job, especially for a little guy. Introducing Spyder - code name 008 (legs) - whos on a mission to protect his familys home from a super-sly FLY. |
| 650 ## - SUBJECT ADDED ENTRY--TOPICAL TERM |
| Topical term or geographic name entry element |
Juvenile Fiction |
| 655 ## - INDEX TERM--GENRE/FORM |
| Genre/form data or focus term |
Fiction and Literature |
| 942 ## - ADDED ENTRY ELEMENTS (KOHA) |
| Source of classification or shelving scheme |
|
| Koha item type |
Books - Fiction |